000 00621nam a2200181Ia 4500
005 20250423101439.0
008 250422s9999 xx 000 0 und d
020 _a9781597842549
050 _aBP 252 .N87 .A813/
100 _aNursi, Said Bediuzzaman
245 4 _aThe staff of Moses : reflections on Islamic faith and divine existence and unity = Asâ-yı Musa
260 _aNew Jersey
260 _bTughra Books
260 _c2011
300 _a242 p
650 _aIslam _ Faith Islam _ Essence, genius, nature Islam _ Universality Sufism Koran _ Criticism, interpretation, etc. Creation (Islam)
942 _cBK
999 _c36327
_d36327